| 000 | 00650nam a2200229Ia 4500 | ||
|---|---|---|---|
| 003 | OSt | ||
| 005 | 20220928105048.0 | ||
| 006 | a|||||r|||| 00| 0 | ||
| 007 | ta | ||
| 008 | 220927b |||||||| |||| 00| 0 eng d | ||
| 024 | _a39334 | ||
| 037 | _cReference Collections | ||
| 040 |
_aSDCL _cSDCL _beng |
||
| 041 |
_2eng _aeng |
||
| 082 | _aX9B.2g, L3 RR | ||
| 100 |
_aMehan K K _9413526 |
||
| 245 | 0 | _aSmall industry entrepreneurs handbook. | |
| 260 |
_aBombay _bProductivity Services International _c1973 |
||
| 300 |
_a327p _ccm. |
||
| 942 |
_hX9B.2g, L3 RR _cREF _2CC |
||
| 999 |
_c729311 _d729311 |
||